[Event "Shropshire Chess Congress 2019"]
[Site "Telford"]
[Date "2019.01.04"]
[Round "1"]
[White "Ansari, Athar"]
[Black "Maciol, Ryszard"]
[Result "0-1"]
[WhiteElo "1893"]
[BlackElo "2121"]
[Annotator "TA"]
[PlyCount "66"]
[EventDate "2019.01.04"]
[EventType "swiss"]
[EventCountry "GBR"]
[SourceTitle "playchess.com"]
[Source "ChessBase"]
[SourceQuality "1"]

{[%evp 9,65,8,16,4,18,-9,-13,-48,-39,-40,0,-7,-5,-4,-11,-25,-21,-24,-4,0,0,-20,-27,-17,-27,-50,-56,-71,-70,-75,-80,-75,-57,-97,-92,-104,-100,-100,-96,-235,-243,-464,-464,-464,-464,-508,-497,-601,-599,-592,-568,-694,-693,-685,-662,-29998,-29999,-29999]} 1. d4 Nf6 2. Nf3 e6 3. Bf4 b6 4. e3 Bb7 5. Be2 Be7 {LiveBook: 47 Games} 6. O-O {A47: 1 d4 Nf6 2 Nf3 b6: Torre, London and Colle Systems} (6. h3 O-O 7. O-O c5 {½-½ (7) Banusz,T (2612)-Perunovic,M (2593) Valjevo 2018}) 6... Nh5 7. Bg3 O-O 8. Nbd2 {The position is equal.} c5 9. c3 cxd4 10. cxd4 Nc6 $146 ({Predecessor:} 10... Nxg3 11. hxg3 d6 12. Rc1 Nd7 13. Ne1 Nf6 14. Bf3 {0-1 (34) Diamanteas,P (1924)-Poulopoulos,I (2252) Achaea 2017}) 11. Rc1 Rc8 12. Nc4 Nxg3 13. hxg3 b5 14. Nce5 d6 15. Nxc6 Bxc6 16. Qd3 Qb6 17. e4 Qb7 18. e5 dxe5 19. dxe5 Rfd8 20. Qe3 Bd5 21. a3 b4 {[%cal Bb5b4,Bb4b3,Bb3c2][%mdl 32]} 22. a4 b3 23. Rxc8 Rxc8 24. Rc1 (24. Bd3 $17 {is a better defense.}) 24... Rc2 $19 25. Rxc2 $2 (25. Nd4 Bc5 26. Nxc2 Bxe3 27. Nxe3) 25... bxc2 26. Qc1 {[#]} Be4 $1 27. Nd2 {and the idea Bf3 leaves White hopeful.} Bg6 28. Bc4 Qc7 29. Bb3 Qxe5 30. Nc4 Qe2 {And now ...Bc5 would win.} 31. Ne3 {[%cal Rb3c2]} Bc5 32. Nxc2 Bxf2+ {[%mdl 64] [#] Double Attack} 33. Kh2 Qh5# {Accuracy: White = 17%, Black = 73%.} 0-1

[Event "Shropshire Chess Congress 2019"]
[Site "Telford"]
[Date "2019.01.05"]
[Round "2"]
[White "Ghasi, Ameet K"]
[Black "Ferrington, Nigel M"]
[Result "1-0"]
[WhiteElo "2505"]
[BlackElo "2128"]
[Annotator "ChessBase"]
[PlyCount "61"]
[EventDate "2019.01.04"]
[EventType "swiss"]
[EventCountry "GBR"]
[SourceTitle "playchess.com"]
[Source "ChessBase"]
[SourceQuality "1"]
[TimeControl "5400+30"]

1. Nf3 {[%emt 0:00:32]} d5 {[%emt 0:00:00]} 2. g3 {[%emt 0:00:02]} Nf6 {[%emt 0:00:06]} 3. Bg2 {[%emt 0:00:04]} e6 {[%emt 0:00:43]} 4. O-O {[%emt 0:00:03]} Be7 {[%emt 0:00:09]} 5. d3 {[%emt 0:00:03]} O-O {[%emt 0:00:15]} 6. Nbd2 {[%emt 0:00:02]} c5 {[%emt 0:00:50]} 7. e4 {[%emt 0:00:02]} Nc6 {[%emt 0:00:19]} 8. Re1 {[%emt 0:00:02]} b5 {[%emt 0:01:03]} 9. e5 {[%emt 0:00:28]} Nd7 {[%emt 0:00:46]} 10. h4 {[%emt 0:00:16]} Bb7 {[%emt 0:01:52]} 11. Nf1 {[%emt 0:00:29]} Qc7 {[%emt 0:00:39]} 12. Bf4 {[%emt 0:00:10]} Rfc8 {[%emt 0:00:25]} 13. N1h2 {[%emt 0:06:39]} Qd8 {[%emt 0:04:50]} 14. Ng4 {[%emt 0:13:32]} Bf8 {[%emt 0:04:28]} 15. Qd2 {[%emt 0:08:11]} a5 {[%emt 0:01:47]} 16. h5 {[%emt 0:07:43]} h6 {[%emt 0:00:05]} 17. Ngh2 {[%emt 0:00:05]} a4 {[%emt 0:10:53]} 18. g4 {[%emt 0:03:07]} Ne7 {[%emt 0:09:02]} 19. g5 {[%emt 0:01:29]} hxg5 {[%emt 0:08:36]} 20. Bxg5 {[%emt 0:00:45]} a3 {[%emt 0:06:15]} 21. b3 {[%emt 0:00:59]} d4 {[%emt 0:10:33]} 22. Ng4 {[%emt 0:03:29]} Qa5 {[%emt 0:07:04]} 23. Qf4 {[%emt 0:00:37]} Nf5 {[%emt 0:00:44]} 24. Nh4 {[%emt 0:08:21]} Bxg2 {[%emt 0:00:58]} 25. Kxg2 {[%emt 0:00:16]} Nxh4+ {[%emt 0:00:46]} 26. Bxh4 {[%emt 0:00:03]} Nb6 {[%emt 0:09:19]} 27. Kh2 {[%emt 0:23:54]} Nd5 {[%emt 0:04:27]} 28. Nh6+ {[%emt 0:01:53]} gxh6 {[%emt 0:02:22]} 29. Rg1+ {[%emt 0:00:25]} Kh8 {[%emt 0:02:21]} 30. Bf6+ {[%emt 0:00:18]} Kh7 {[%emt 0:01:18]} 31. Qe4# {[%emt 0:00:09]} 1-0

[Event "Shropshire Chess Congress 2019"]
[Site "Telford"]
[Date "2019.01.05"]
[Round "2"]
[White "Merry, Alan B"]
[Black "Brotherton, Trevor"]
[Result "1-0"]
[WhiteElo "2434"]
[BlackElo "2118"]
[Annotator "NA RC"]
[PlyCount "45"]
[EventDate "2019.01.04"]
[EventType "swiss"]
[EventCountry "GBR"]
[SourceTitle "playchess.com"]
[Source "ChessBase"]
[SourceQuality "1"]
[TimeControl "5400+30"]

1. c4 {[%emt 0:00:00]} e5 {[%emt 0:15:21]} 2. Nc3 {[%emt 0:00:00]} Nc6 {[%emt 0:00:41]} 3. Nf3 {[%emt 0:00:01]} d6 {[%emt 0:02:55]} 4. d4 {[%emt 0:00:56]} Bg4 {[%emt 0:01:34]} 5. d5 {[%emt 0:00:35]} Nce7 {[%emt 0:00:54]} 6. e4 {[%emt 0:01:09]} g6 {[%emt 0:01:23] LiveBook: 11 Games} 7. c5 {[%emt 0:01:50]} a6 $16 {[%emt 0:01:29]} 8. Qb3 {[%emt 0:02:33]} Rb8 {[%emt 0:03:28]} 9. cxd6 {[%emt 0:01:47]} Qxd6 {[%emt 0:07:55]} 10. Nd2 {[%emt 0:01:55]} Bg7 {[%emt 0:06:10]} 11. Nc4 {[%emt 0:00:17]} Qd8 {[%emt 0:05:58]} 12. f3 {[%emt 0:03:46]} Bd7 {[%emt 0:10:56]} 13. d6 {[%emt 0:01:50]} Nc6 {[%emt 0:03:58]} 14. dxc7 {[%emt 0:03:15]} Qxc7 {[%emt 0:00:33]} 15. Nd5 {[%emt 0:00:14]} Qd8 {[%emt 0:01:25]} 16. Nd6+ {[%emt 0:06:54]} Kf8 {[%emt 0:00:10]} 17. Nxb7 {[%emt 0:01:53]} Qc8 {[%emt 0:09:29]} 18. Bxa6 {[%emt 0:03:55]} Nge7 {[%emt 0:01:43]} 19. Nxe7 {[%emt 0:02:27]} Nxe7 {[%emt 0:01:28]} 20. Nc5 {[%emt 0:01:41]} Rxb3 {[%emt 0:12:12]} 21. Bxc8 {[%emt 0:00:05]} Bxc8 {[%emt 0:00:11]} 22. Nxb3 {[%emt 0:00:59]} Nc6 {[%emt 0:00:14]} 23. Be3 {[%emt 0:00:35]} 1-0

[Event "Shropshire Chess Congress 2019"]
[Site "Telford"]
[Date "2019.01.05"]
[Round "2"]
[White "Maciol, Ryszard"]
[Black "Hebden, Mark L"]
[Result "1/2-1/2"]
[WhiteElo "2163"]
[BlackElo "2435"]
[Annotator "NA"]
[PlyCount "104"]
[EventDate "2019.01.04"]
[EventType "swiss"]
[EventCountry "GBR"]
[SourceTitle "playchess.com"]
[Source "ChessBase"]
[SourceQuality "1"]
[TimeControl "5400+30"]

1. d4 {[%emt 0:00:00]} Nf6 {[%emt 0:00:00]} 2. c4 {[%emt 0:00:00]} g6 {[%emt 0:00:00]} 3. Nc3 {[%emt 0:00:00]} Bg7 {[%emt 0:00:05]} 4. e4 {[%emt 0:00:19]} d6 {[%emt 0:00:09]} 5. f3 {[%emt 0:00:11]} O-O {[%emt 0:00:39]} 6. Nge2 {[%emt 0:00:07]} a6 {[%emt 0:00:59]} 7. Ng3 {[%emt 0:00:19] LiveBook: 5 Games} Nc6 {[%emt 0:00:46]} 8. d5 {[%emt 0:00:59]} Ne5 {[%emt 0:00:12]} 9. f4 {[%emt 0:01:26]} Ned7 {[%emt 0:00:19]} 10. Be2 {[%emt 0:02:53]} c6 {[%emt 0:01:28]} 11. Be3 {[%emt 0:01:00]} h5 {[%emt 0:00:36]} 12. O-O {[%emt 0:01:20]} cxd5 {[%emt 0:02:21]} 13. cxd5 {[%emt 0:01:00]} b5 {[%emt 0:01:15]} 14. Bf3 {[%emt 0:04:22]} Nb6 $16 {[%emt 0:02:37]} ({Better is} 14... Bb7 $14) 15. b3 {[%emt 0:07:49]} Bd7 {[%emt 0:09:03]} 16. Rc1 {[%emt 0:03:11]} b4 {[%emt 0:06:11]} 17. Nce2 {[%emt 0:01:06]} Bb5 {[%emt 0:05:14]} 18. Qd2 {[%emt 0:10:01]} h4 {[%emt 0:03:54]} 19. Nh1 {[%emt 0:00:20]} a5 {[%emt 0:06:54]} 20. Rfd1 {[%emt 0:04:38]} Nc8 {[%emt 0:02:07]} 21. Nd4 {[%emt 0:05:23]} Na7 {[%emt 0:00:09]} 22. f5 {[%emt 0:10:35]} Bd7 {[%emt 0:00:37]} 23. fxg6 {[%emt 0:10:51]} fxg6 {[%emt 0:00:18]} 24. Ne6 {[%emt 0:05:02]} Bxe6 {[%emt 0:00:26]} 25. dxe6 {[%emt 0:00:03]} Nb5 {[%emt 0:00:32]} 26. e5 {[%emt 0:01:01]} dxe5 {[%emt 0:00:06]} 27. Qc2 {[%emt 0:05:41]} Nd4 {[%emt 0:01:21]} 28. Bxd4 {[%emt 0:00:23]} exd4 {[%emt 0:00:21]} 29. Bxa8 {[%emt 0:01:15]} Qxa8 {[%emt 0:00:41]} 30. Qxg6 {[%emt 0:01:39]} Nd5 {[%emt 0:00:28]} 31. Nf2 {[%emt 0:03:58]} Nf4 {[%emt 0:03:47]} 32. Qg4 {[%emt 0:00:55]} Qd5 {[%emt 0:00:33]} 33. Nd3 {[%emt 0:03:12]} Qxe6 {[%emt 0:02:32]} 34. Qxe6+ {[%emt 0:03:20]} Nxe6 {[%emt 0:00:10]} 35. g3 {[%emt 0:03:32]} hxg3 {[%emt 0:00:23]} 36. hxg3 {[%emt 0:00:04]} Ng5 {[%emt 0:01:08]} 37. Rc5 {[%emt 0:02:07]} e5 {[%emt 0:01:55]} 38. Rxa5 {[%emt 0:00:34]} Nf3+ {[%emt 0:00:47]} 39. Kg2 {[%emt 0:00:35]} e4 {[%emt 0:00:09]} 40. Nxb4 {[%emt 0:03:07]} e3 {[%emt 0:07:02]} 41. Nd3 {[%emt 0:00:58]} Nd2 {[%emt 0:01:45]} 42. b4 {[%emt 0:02:53]} Nc4 {[%emt 0:02:01]} 43. Rc5 {[%emt 0:01:25]} Nb2 {[%emt 0:01:23]} 44. Nxb2 {[%emt 0:01:10]} Rf2+ {[%emt 0:00:06]} 45. Kh3 {[%emt 0:01:06]} Rxb2 {[%emt 0:00:08]} 46. Rd5 {[%emt 0:00:29]} Rxb4 {[%emt 0:00:54]} 47. Kg2 {[%emt 0:00:19]} Rb2+ {[%emt 0:00:58]} 48. Kf3 {[%emt 0:00:06]} Rf2+ {[%emt 0:00:11]} 49. Ke4 {[%emt 0:00:16]} Rxa2 {[%emt 0:01:15]} 50. Rd8+ {[%emt 0:00:57]} Kf7 {[%emt 0:00:59]} 51. Rf1+ {[%emt 0:00:43]} Bf6 {[%emt 0:04:50]} 52. Rxd4 {[%emt 0:00:32]} e2 1/2-1/2

[Event "Shropshire Chess Congress 2019"]
[Site "Telford"]
[Date "2019.01.05"]
[Round "2"]
[White "Sygnowski, Tomasz"]
[Black "Berczes, David"]
[Result "0-1"]
[WhiteElo "2143"]
[BlackElo "2472"]
[Annotator "TA"]
[PlyCount "79"]
[EventDate "2019.01.04"]
[EventType "swiss"]
[EventCountry "GBR"]
[SourceTitle "playchess.com"]
[Source "ChessBase"]
[SourceQuality "1"]

{[%evp 18,79,21,24,13,0,6,-12,21,10,31,24,32,9,10,16,19,-15,37,34,61,50,85,52,57,58,66,49,48,46,64,50,75,34,91,85,91,94,126,131,124,118,119,94,116,52,71,18,14,0,21,14,21,21,21,21,25,-650,-635,-1152,-495,-466,-464,-29998]} 1. e4 e6 2. d4 d5 3. exd5 exd5 4. Nf3 Bd6 5. Bd3 Nc6 6. O-O Bg4 7. Re1+ Nge7 8. c3 Qd7 9. Nbd2 {[%cal Bb1d2,Bd2f1,Bf1e3][%mdl 32]} f6 10. Nf1 {LiveBook: 4 Games} O-O {C01: French: Exchange Variation} (10... O-O-O 11. b4 Rde8 12. Ne3 h5 13. a4 Kb8 14. a5 Nf5 15. a6 Nh4 16. Be2 Bxf3 17. Bxf3 Nxf3+ 18. Qxf3 {1-0 (57) Spraggett,K (2539)-Stella,A (2455) Figueira da Foz 2016}) 11. Ne3 Bh5 12. Bc2 $146 ({Predecessor:} 12. h3 Rae8 13. g4 Bg6 14. Bxg6 hxg6 15. Qd3 f5 16. g5 Bf4 17. Ng2 Bxc1 18. Raxc1 {1-0 (37) Csikos,M (2131)-Fekete,K (2140) Hungary 2008}) 12... Bg6 {The position is equal.} 13. Bb3 Bf7 14. Bd2 Na5 15. Ba4 b5 16. Bc2 Nc4 17. a4 (17. Nh4 {feels hotter.} Rab8 18. Nxc4 bxc4 19. b3 c5 20. Nf3) 17... Bg6 (17... Bh5 $11) 18. Bxg6 hxg6 19. axb5 {Hoping for Nxc4.} Qxb5 20. Nxc4 dxc4 21. Qe2 Rfe8 22. b3 Qxb3 23. Reb1 $36 {[%mdl 2048] Black is under pressure.} Qc2 24. Qxc4+ Kh7 25. Qa2 Qd3 (25... Qxa2 $14 26. Rxa2 g5) 26. Qa6 $16 Qc2 27. c4 {[%cal Bc3c4,Bc4c5][%mdl 32] aiming for c5.} Nf5 {Black wants to play ...Nxd4.} 28. c5 Bf8 29. Rd1 Qe4 30. Ba5 c6 31. Rab1 (31. h3 $16) 31... Rab8 32. Rxb8 (32. Rbc1 $16) 32... Rxb8 $11 33. h3 Rb1 34. Qf1 Rb2 35. Bc3 Ra2 36. Ra1 Rc2 37. Qc4 $2 {[%mdl 8192] [#]} (37. Re1 $11 Qd5 38. Rc1 Rxc1 39. Qxc1) 37... Rxf2 $1 $19 {[%mdl 512] ...Qe3 is the strong threat.Black is clearly winning.} 38. Re1 (38. Kxf2 Qe3+) 38... Rxg2+ (38... Qc2 $142 39. Bd2 {[#]} Rxg2+ $1 {[%mdl 512]} 40. Kxg2 Qxc4) 39. Kxg2 Nh4+ {[%mdl 64] Double Attack} 40. Kf2 {Accuracy: White = 25%, Black = 46%.} (40. Kg1 $19 Nxf3+ 41. Kf1 Nxe1 42. Bxe1) 0-1

[Event "Shropshire Chess Congress 2019"]
[Site "Telford"]
[Date "2019.01.05"]
[Round "2"]
[White "Stewart, Ashley"]
[Black "Jarvis, Derek A"]
[Result "1/2-1/2"]
[WhiteElo "2122"]
[BlackElo "1959"]
[Annotator "NA"]
[PlyCount "128"]
[EventDate "2019.01.04"]
[EventType "swiss"]
[EventCountry "GBR"]
[SourceTitle "playchess.com"]
[Source "ChessBase"]
[SourceQuality "1"]
[TimeControl "5400+30"]

1. c4 {[%emt 0:00:00]} e5 {[%emt 0:00:03]} 2. g3 {[%emt 0:00:00]} Nf6 {[%emt 0:00:17]} 3. Bg2 {[%emt 0:00:00]} c6 {[%emt 0:01:43]} 4. Nf3 {[%emt 0:00:00]} e4 {[%emt 0:01:43]} 5. Nd4 {[%emt 0:00:00]} d5 {[%emt 0:01:47]} 6. d3 {[%emt 0:00:39]} Bb4+ {[%emt 0:07:54]} 7. Bd2 $11 {[%emt 0:08:48] LiveBook: 5 Games} (7. Nc3 $14) 7... Bxd2+ {[%emt 0:06:43]} 8. Qxd2 {[%emt 0:00:27]} O-O {[%emt 0:04:40]} 9. O-O {[%emt 0:02:14]} Qb6 {[%emt 0:04:57]} 10. e3 {[%emt 0:07:35]} exd3 {[%emt 0:06:37]} 11. cxd5 {[%emt 0:00:11]} cxd5 {[%emt 0:06:30]} 12. Nc3 {[%emt 0:00:52]} Nc6 {[%emt 0:01:51]} 13. Qxd3 {[%emt 0:14:32]} Nxd4 {[%emt 0:04:07]} 14. Qxd4 {[%emt 0:00:50]} Qxd4 {[%emt 0:01:01]} 15. exd4 {[%emt 0:00:01]} Be6 {[%emt 0:02:14]} 16. Rac1 {[%emt 0:05:23]} Rac8 {[%emt 0:02:26]} 17. Nb5 {[%emt 0:03:11]} Rfd8 {[%emt 0:12:37]} 18. h3 h5 19. b3 {[%emt 0:13:53]} a6 {[%emt 0:08:21]} 20. Nc3 {[%emt 0:01:42]} Rc6 {[%emt 0:04:03]} 21. Na4 {[%emt 0:02:41]} Rdc8 {[%emt 0:00:57]} 22. Rxc6 {[%emt 0:00:29]} Rxc6 {[%emt 0:00:13]} 23. Nc5 {[%emt 0:01:13]} Bc8 {[%emt 0:01:34]} 24. Re1 {[%emt 0:03:38]} b6 {[%emt 0:03:02]} 25. Na4 {[%emt 0:03:56]} Kf8 {[%emt 0:02:19]} 26. Re2 {[%emt 0:02:00]} Rc1+ {[%emt 0:00:47]} 27. Kh2 {[%emt 0:00:08]} Rc6 {[%emt 0:00:18]} 28. f3 {[%emt 0:09:21]} Be6 {[%emt 0:01:16]} 29. g4 {[%emt 0:01:56]} hxg4 {[%emt 0:02:01]} 30. hxg4 {[%emt 0:02:01]} Nd7 {[%emt 0:00:59]} 31. Nb2 {[%emt 0:02:28]} Rc3 {[%emt 0:00:49]} 32. Rd2 {[%emt 0:00:44]} Ke7 {[%emt 0:00:54]} 33. Kg3 {[%emt 0:03:43]} Kd6 {[%emt 0:00:40]} 34. Nd1 {[%emt 0:02:18]} Rc1 {[%emt 0:01:25]} 35. f4 {[%emt 0:00:54]} g6 {[%emt 0:01:07]} 36. g5 {[%emt 0:02:39]} Nb8 {[%emt 0:01:30]} 37. Bf1 {[%emt 0:01:44]} Bf5 {[%emt 0:00:52]} 38. Ne3 {[%emt 0:00:44]} Rc3 {[%emt 0:00:49]} 39. Kf2 {[%emt 0:00:16]} Be6 {[%emt 0:00:21]} 40. Be2 {[%emt 0:02:11]} Bd7 {[%emt 0:00:36]} 41. Rd1 {[%emt 0:00:39]} Be6 {[%emt 0:00:28]} 42. Bd3 {[%emt 0:01:28]} Bd7 {[%emt 0:00:30]} 43. Ke2 {[%emt 0:01:05]} Bb5 {[%emt 0:01:23]} 44. Bxb5 {[%emt 0:01:02]} axb5 {[%emt 0:00:12]} 45. Rd3 {[%emt 0:01:56]} Rc1 {[%emt 0:00:47]} 46. Ng4 {[%emt 0:00:39]} Nc6 {[%emt 0:03:02]} 47. Ne5 {[%emt 0:00:37]} Nxe5 {[%emt 0:00:53]} 48. fxe5+ {[%emt 0:00:01]} Ke6 {[%emt 0:00:22]} 49. Rf3 {[%emt 0:00:15]} Rc2+ {[%emt 0:00:55]} 50. Kd3 {[%emt 0:00:06]} Rxa2 {[%emt 0:00:30]} 51. Rf6+ {[%emt 0:00:03]} Ke7 {[%emt 0:00:16]} 52. Rxb6 {[%emt 0:00:24]} Rg2 {[%emt 0:00:39]} 53. Rxb5 {[%emt 0:00:17]} Rg3+ {[%emt 0:00:22]} 54. Kc2 {[%emt 0:01:08]} Ke6 {[%emt 0:01:09]} 55. Ra5 {[%emt 0:01:20]} Rxg5 {[%emt 0:00:19]} 56. Kc3 {[%emt 0:00:22]} Rg3+ {[%emt 0:00:28]} 57. Kb4 {[%emt 0:00:10]} Rd3 {[%emt 0:00:20]} 58. Ra6+ {[%emt 0:01:11]} Kf5 {[%emt 0:01:47]} 59. Rf6+ {[%emt 0:00:45]} Ke4 {[%emt 0:00:01]} 60. e6 {[%emt 0:00:33]} Rxd4+ {[%emt 0:01:29]} 61. Kc3 {[%emt 0:00:10]} Rd3+ {[%emt 0:00:16]} 62. Kc2 {[%emt 0:00:14]} fxe6 {[%emt 0:00:48]} 63. Rxe6+ {[%emt 0:00:16]} Kd4 {[%emt 0:00:08]} 64. Rxg6 {[%emt 0:00:10]} Rh3 1/2-1/2

[Event "Shropshire Chess Congress 2019"]
[Site "Telford"]
[Date "2019.01.05"]
[Round "2"]
[White "Mason, Donald J"]
[Black "Ireland, David J"]
[Result "1/2-1/2"]
[WhiteElo "2097"]
[BlackElo "1930"]
[Annotator "NA"]
[PlyCount "43"]
[EventDate "2019.01.04"]
[EventType "swiss"]
[EventCountry "GBR"]
[SourceTitle "playchess.com"]
[Source "ChessBase"]
[SourceQuality "1"]
[TimeControl "5400+30"]

1. e4 {[%emt 0:00:00]} c5 {[%emt 0:00:42]} 2. Nf3 {[%emt 0:00:00]} d6 {[%emt 0:00:21]} 3. Bb5+ {[%emt 0:00:00]} Nc6 {[%emt 0:01:06]} 4. O-O {[%emt 0:00:20]} Bg4 {[%emt 0:01:37]} 5. h3 {[%emt 0:09:25]} Bh5 {[%emt 0:02:06]} 6. Re1 {[%emt 0:05:52]} e6 {[%emt 0:01:28]} 7. Bxc6+ {[%emt 0:04:30]} bxc6 {[%emt 0:00:10]} 8. d3 $11 {[%emt 0:00:11] LiveBook: 13 Games} Be7 {[%emt 0:02:15]} 9. c3 {[%emt 0:05:10]} Nf6 {[%emt 0:13:01]} 10. Nbd2 {[%emt 0:05:00]} O-O {[%emt 0:01:55]} 11. Nf1 {[%emt 0:08:23]} Nd7 {[%emt 0:12:25]} 12. Ng3 {[%emt 0:06:31]} Bg6 {[%emt 0:00:31]} 13. d4 {[%emt 0:02:23]} cxd4 {[%emt 0:02:07]} 14. Nxd4 {[%emt 0:03:28]} Qc7 {[%emt 0:06:49]} 15. Ndf5 {[%emt 0:09:17]} exf5 {[%emt 0:06:48]} 16. exf5 {[%emt 0:00:02]} Bf6 {[%emt 0:04:33]} 17. fxg6 {[%emt 0:02:20]} hxg6 {[%emt 0:01:02]} 18. Bf4 {[%emt 0:06:38]} Be5 {[%emt 0:04:18]} 19. Bxe5 {[%emt 0:02:21]} Nxe5 {[%emt 0:00:31]} 20. Ne4 {[%emt 0:06:28]} Rad8 {[%emt 0:04:04]} 21. f4 {[%emt 0:03:40]} d5 {[%emt 0:03:31]} 22. Nc5 {[%emt 0:09:42]} 1/2-1/2

[Event "Shropshire Chess Congress 2019"]
[Site "Telford"]
[Date "2019.01.05"]
[Round "2"]
[White "Bin-Suhayl, Ieysaa"]
[Black "Sanchez, Eduardo J"]
[Result "1-0"]
[WhiteElo "2095"]
[BlackElo "1729"]
[Annotator "NA"]
[PlyCount "65"]
[EventDate "2019.01.04"]
[EventType "swiss"]
[EventCountry "GBR"]
[SourceTitle "playchess.com"]
[Source "ChessBase"]
[SourceQuality "1"]
[TimeControl "5400+30"]

1. Nf3 {[%emt 0:00:00]} Nf6 {[%emt 0:00:00]} 2. c4 {[%emt 0:00:00]} g6 {[%emt 0:00:00]} 3. g3 {[%emt 0:00:00]} Bg7 {[%emt 0:00:00]} 4. Bg2 {[%emt 0:00:00]} O-O {[%emt 0:00:10]} 5. O-O {[%emt 0:00:00]} d6 {[%emt 0:00:18]} 6. d4 {[%emt 0:00:02]} Nc6 {[%emt 0:00:10]} 7. Nc3 {[%emt 0:00:02]} e5 {[%emt 0:00:11]} 8. dxe5 {[%emt 0:00:02]} dxe5 {[%emt 0:00:07]} 9. Bg5 {[%emt 0:03:45]} Be6 {[%emt 0:05:01]} 10. Qa4 {[%emt 0:00:04]} Qc8 {[%emt 0:08:18]} 11. Nd2 $11 {[%emt 0:03:29] LiveBook: 4 Games} Nd4 {[%emt 0:36:43]} 12. e3 {[%emt 0:03:39]} Nf5 {[%emt 0:00:37]} 13. Bxf6 {[%emt 0:05:32]} Bxf6 {[%emt 0:00:02]} 14. Nd5 {[%emt 0:03:30]} Bd8 {[%emt 0:02:20]} 15. Ne4 {[%emt 0:04:53]} c6 {[%emt 0:01:09]} 16. Ndc3 {[%emt 0:10:14]} Be7 {[%emt 0:01:51]} 17. Rfd1 {[%emt 0:01:20]} Qc7 {[%emt 0:04:37]} 18. c5 {[%emt 0:00:24]} b5 {[%emt 0:04:15]} 19. Qc2 {[%emt 0:02:06]} Rad8 {[%emt 0:04:21]} 20. b4 {[%emt 0:01:53]} a5 {[%emt 0:00:26]} 21. a3 {[%emt 0:02:59]} Nh6 {[%emt 0:00:38]} 22. Nd6 {[%emt 0:04:42]} f5 {[%emt 0:04:58]} 23. bxa5 {[%emt 0:03:14]} Nf7 {[%emt 0:00:49]} 24. Nxf7 {[%emt 0:00:49]} Bxf7 {[%emt 0:00:13]} 25. Na2 {[%emt 0:01:28]} Qxa5 {[%emt 0:02:38]} 26. Rxd8 {[%emt 0:02:53]} Rxd8 {[%emt 0:00:33]} 27. Nb4 {[%emt 0:00:07]} Qc7 {[%emt 0:04:39]} 28. Nxc6 {[%emt 0:01:22]} Rc8 {[%emt 0:00:04]} 29. Rb1 {[%emt 0:01:44]} Bc4 {[%emt 0:00:59]} 30. a4 {[%emt 0:01:23]} e4 {[%emt 0:00:05]} 31. axb5 {[%emt 0:00:14]} Bd5 {[%emt 0:00:44]} 32. Nxe7+ {[%emt 0:00:38]} Qxe7 {[%emt 0:00:01]} 33. c6 {[%emt 0:00:40]} 1-0

[Event "Shropshire Chess Congress 2019"]
[Site "Telford"]
[Date "2019.01.05"]
[Round "2"]
[White "Okhai, Shabir"]
[Black "Walton, Alan J"]
[Result "1/2-1/2"]
[WhiteElo "2073"]
[BlackElo "2149"]
[Annotator "NA"]
[PlyCount "66"]
[EventDate "2019.01.04"]
[EventType "swiss"]
[EventCountry "GBR"]
[SourceTitle "playchess.com"]
[Source "ChessBase"]
[SourceQuality "1"]
[TimeControl "5400+30"]

1. e4 {[%emt 0:00:37]} e6 {[%emt 0:00:00]} 2. d4 {[%emt 0:00:05]} d5 {[%emt 0:00:00]} 3. Nc3 {[%emt 0:01:00]} Nf6 {[%emt 0:00:00]} 4. e5 {[%emt 0:00:05]} Nfd7 {[%emt 0:00:02]} 5. f4 {[%emt 0:00:04]} c5 {[%emt 0:00:04]} 6. Nf3 {[%emt 0:00:03]} Nc6 {[%emt 0:00:08]} 7. Be3 {[%emt 0:00:08]} cxd4 {[%emt 0:01:59]} 8. Nxd4 {[%emt 0:00:07]} Bc5 {[%emt 0:00:30]} 9. Qd2 {[%emt 0:04:03]} a6 {[%emt 0:02:20]} 10. O-O-O {[%emt 0:06:25]} O-O {[%emt 0:01:39]} 11. h4 {[%emt 0:07:50] LiveBook: 364 Games} Qe7 $14 {[%emt 0:03:21]} (11... Nxd4 $11 12. Bxd4 b5) 12. h5 {[%emt 0:07:56]} Bxd4 {[%emt 0:03:35]} 13. Bxd4 {[%emt 0:00:09]} Nxd4 {[%emt 0:00:09]} 14. Qxd4 {[%emt 0:00:05]} Qc5 {[%emt 0:00:10]} 15. Qd2 {[%emt 0:04:16]} f6 {[%emt 0:00:48]} 16. exf6 {[%emt 0:01:35]} Nxf6 {[%emt 0:01:06]} 17. Be2 {[%emt 0:08:08]} b5 {[%emt 0:05:06]} 18. Bf3 {[%emt 0:03:48]} Bb7 {[%emt 0:00:42]} 19. Rhe1 {[%emt 0:11:03]} Rae8 {[%emt 0:07:28]} 20. Qd4 {[%emt 0:02:35]} Nd7 {[%emt 0:08:29]} 21. Bg4 {[%emt 0:06:37]} Qd6 {[%emt 0:06:09]} 22. g3 {[%emt 0:05:14]} Nf6 {[%emt 0:01:11]} 23. Bf3 {[%emt 0:01:32]} Rc8 {[%emt 0:00:27]} 24. Qe3 {[%emt 0:02:54]} Rfe8 {[%emt 0:02:37]} 25. g4 {[%emt 0:04:08]} Qc7 {[%emt 0:05:30]} 26. Qd2 {[%emt 0:06:33]} d4 {[%emt 0:02:19]} 27. Ne4 {[%emt 0:00:48]} Bxe4 {[%emt 0:04:29]} 28. Bxe4 {[%emt 0:00:18]} Nxg4 {[%emt 0:00:10]} 29. Qxd4 {[%emt 0:03:05]} Red8 {[%emt 0:02:09]} 30. Qb4 {[%emt 0:06:13]} Rxd1+ {[%emt 0:00:29]} 31. Rxd1 {[%emt 0:02:58]} Nf2 {[%emt 0:00:17]} 32. Rd2 {[%emt 0:01:38]} Nxe4 {[%emt 0:10:12]} 33. Qxe4 {[%emt 0:00:05]} Re8 {[%emt 0:00:49]} 1/2-1/2